000 00600nam a22002057a 4500
003 OSt
005 20181008132106.0
008 160530b xxu||||| |||| 00| 0 eng d
020 _a9781405180795
040 _cDNLM
082 _aQV735 B617e 2009
100 _aBlenkinsopp, Alison; Paxton, Paul; Blenkinsopp, John
_99121
245 _aSymptoms in the Pharmacy: a guide to the management of common illness
250 _a6th ed.
260 _aUK; John Wiley & son, 2009
300 _avii,352p;
_bill;
_c24cm
504 _aAppendix,& index included.
650 _aPharmacy
_9357
942 _2z
_cSLOAN
999 _c4232
_d4232